Sports Quiz

Random Sports or Soccer Quiz

European Cup Host City Quiz Stats

 Plays Quiz not verified by Sporcle

Challenge
Share
Tweet
Embed
Score 0/90 Timer 08:00
0 Plays Today
% Correct
Paris
98.4%
Saint Denis
97.5%
Paris
97.5%
Paris
97.5%
Roma
96.7%
Madrid
96.7%
Roma
96.7%
Barcelona
95.9%
Marseille
94.3%
London
94.3%
Milan
94.3%
Marseille
94.3%
Marseille
94.3%
Brussels
93.4%
Liverpool
93.4%
Brussels
93.4%
Brussels
93.4%
Manchester
92.6%
Amsterdam
91%
München
91%
Lyon
86.9%
Lisbon
86.1%
Lyon
86.1%
Birmingham
86.1%
Lisbon
86.1%
Newcastle
83.6%
Solna (Stockholm)
83.6%
Vienna
82.8%
Porto
81.1%
Turin
81.1%
% Correct
Porto
81.1%
Napoli
80.3%
Napoli
80.3%
Rotterdam
79.5%
Leeds
79.5%
Belgrade
78.7%
Eindhoven
76.2%
Kiev
76.2%
Warsaw
74.6%
Hamburg
74.6%
Zurich
73.8%
Bern
73%
Bordeaux
73%
Lille
71.3%
Zagreb
71.3%
Salzburg
66.4%
Sheffield
66.4%
Stuttgart
66.4%
Malmö
64.8%
Nantes
63.9%
Basel
62.3%
Frankfurt am Main
62.3%
Donetsk
61.5%
Köln
59%
Braga
57.4%
Liège
56.6%
Liège
56.6%
Genève
55.7%
Firenze
54.9%
Nottingham
54.1%
% Correct
Antwerp
54.1%
Lens
52.5%
Lens
52.5%
Saint Etienne
52.5%
Saint Etienne
51.6%
Gelsenkirchen
51.6%
Toulouse
50%
Nice
48.4%
Innsbruck
44.3%
Strasbourg
44.3%
Strasbourg
44.3%
Bruges
42.6%
Düsseldorf
41.8%
Hanover
41.8%
Gdansk
41%
Göteborg
39.3%
Faro
35.2%
Charleroi
32%
Poznan
31.1%
Arnhem
30.3%
Klagenfurt
27.9%
Wroclaw
27%
Lviv
27%
Nancy
24.6%
Coimbra
23%
Kharkov
22.1%
Guimarães
20.5%
Leiria
15.6%
Norrköping
13.1%
Aveiro
11.5%

You're not logged in!

Compare scores with friends on all Sporcle quizzes.
OR
Log In

You Might Also Like...

Show Comments

Extras

Top Quizzes Today


Score Distribution

Your Account Isn't Verified!

In order to create a playlist on Sporcle, you need to verify the email address you used during registration. Go to your Sporcle Settings to finish the process.

Report this User

Report this user for behavior that violates our Community Guidelines.

Details: